| 000 | 01089cam a2200301 a 4500 | ||
|---|---|---|---|
| 001 | 1142937 | ||
| 003 | OSt | ||
| 005 | 20211111111535.0 | ||
| 008 | 950404s1996 njua 001 0 eng | ||
| 010 | _a 95015895 | ||
| 020 | _a0133592332 (pbk. : alk. paper) | ||
| 038 | _aKhadija | ||
| 040 |
_aDLC _cDLC _dDLC |
||
| 050 | 0 | 0 |
_aTL272 _b.M24 2000 |
| 082 | 0 | 0 |
_a629.254 _220 _bDWI |
| 100 | 1 |
_aDwiggins, Boyce H. _944418 |
|
| 245 | 1 | 0 |
_aAutomotive Electricity and Electronics : _bConcepts and Applications / _cBoyce H. Dwiggins and Edward F. Mahoney. |
| 260 |
_aEnglewood Cliffs, N.J. : _bPrentice Hall, _cc1996. |
||
| 300 |
_axv, 285 p. : _bill. ; _c28 cm. |
||
| 500 | _aIncludes index. | ||
| 563 | _aPB | ||
| 650 | 0 |
_aAutomobiles _xElectric equipment. |
|
| 650 | 0 |
_aAutomobiles _xMotors _xComputer control systems. _983869 |
|
| 700 | 1 |
_aMahoney, Edward F. _983876 |
|
| 906 |
_a7 _bcbc _corignew _d1 _eocip _f19 _gy-gencatlg |
||
| 942 |
_2ddc _cBK |
||
| 999 |
_c31776 _d31776 |
||